UM Logo

Dynamic dv/dt control strategy of SiC MOSFET for switching loss reduction in the operational power range / (Record no. 19351)

MARC details
000 -LEADER
fixed length control field 01085nam a22002537a 4500
003 - CONTROL NUMBER IDENTIFIER
control field OSt
005 - DATE AND TIME OF LATEST TRANSACTION
control field 20250910090249.0
008 - FIXED-LENGTH DATA ELEMENTS--GENERAL INFORMATION
fixed length control field 240226b ||||| |||| 00| 0 eng d
040 ## - CATALOGING SOURCE
Transcribing agency 0
082 ## - DEWEY DECIMAL CLASSIFICATION NUMBER
Classification number DPer 621.317 Ie21 June 2022 v. 37 n. 6
100 ## - MAIN ENTRY--PERSONAL NAME
Personal name Wu, Zebing.
Relator term author.
9 (RLIN) 53309
245 ## - TITLE STATEMENT
Title Dynamic dv/dt control strategy of SiC MOSFET for switching loss reduction in the operational power range /
Statement of responsibility, etc. Zebing Wu, Huaping Jiang, Zhenhong Zheng, Xiaowei Qi, Hua Mao, Li Liu, and Li Ran.
260 ## - PUBLICATION, DISTRIBUTION, ETC. (IMPRINT)
Place of publication, distribution, etc. New York ;
Name of publisher, distributor, etc. The Institute of Electrical and Electronics Engineers, Inc. ,
Date of publication, distribution, etc. June 2022.
300 ## - PHYSICAL DESCRIPTION
Extent Volume 37, pages 6237-6241 :
Other physical details illustration ;
Dimensions 29 cm.
500 ## - GENERAL NOTE
General note IEEE Transactions on Power Electronics, vol. 37, no. 6, pages 6237-6241, June 2022.
700 ## - ADDED ENTRY--PERSONAL NAME
Personal name Wu, Zebing.
Relator term author.
9 (RLIN) 53309
700 ## - ADDED ENTRY--PERSONAL NAME
Personal name Jiang, Huaping.
Relator term author.
9 (RLIN) 53310
700 ## - ADDED ENTRY--PERSONAL NAME
Personal name Zheng, Zhenhong.
Relator term author.
9 (RLIN) 53311
700 ## - ADDED ENTRY--PERSONAL NAME
Personal name Qi, Xiaowei.
Relator term author.
9 (RLIN) 53312
700 ## - ADDED ENTRY--PERSONAL NAME
Personal name Mao, Hua.
Relator term author.
9 (RLIN) 53313
700 ## - ADDED ENTRY--PERSONAL NAME
Personal name Liu, Li.
Relator term author.
9 (RLIN) 53314
700 ## - ADDED ENTRY--PERSONAL NAME
Personal name Ran, Li.
Relator term author.
9 (RLIN) 53315
942 ## - ADDED ENTRY ELEMENTS (KOHA)
Source of classification or shelving scheme Dewey Decimal Classification
Koha item type Periodicals
Holdings
Withdrawn status Lost status Source of classification or shelving scheme Damaged status Not for loan Collection code Home library Current library Date acquired Total Checkouts Full call number Date last seen Price effective from Koha item type Public note
    Dewey Decimal Classification     Periodicals UM Digos College - LIC UM Digos College - LIC 02/26/2024   DPer 621.317 Ie21 June 2022 v.37 n. 6 02/26/2024 02/26/2024 Periodicals Periodical Article